|
|
|
|
| LEADER |
00963cam a2200241 7i4500 |
| 001 |
0000028389 |
| 005 |
20130122090000.0 |
| 022 |
0 |
0 |
|a 01265989
|
| 090 |
0 |
0 |
|a M 338.9
|b BAN
|
| 110 |
2 |
0 |
|a Bank Negara Malaysia
|
| 245 |
2 |
0 |
|a Bank Negara Malaysia :
|b Annual report 2011.
|
| 260 |
0 |
0 |
|a Kuala Lumpur:
|b Bank Negara Malaysia,
|c 2012.
|
| 300 |
# |
# |
|a 127 p.
|
| 650 |
0 |
0 |
|a Bank Negara Malaysia --
|x Annual report
|
| 651 |
0 |
0 |
|a Malaysia
|
| 999 |
|
|
|a JHR000342B
|b Book
|c Malaysia
|e MATRADE Southern Regional Office
|
| 999 |
|
|
|a 0000031892
|b Book
|c Malaysia
|e Business Information Centre
|
| 999 |
|
|
|a B000031891
|b Book
|c Malaysia
|e Business Information Centre
|
| 999 |
|
|
|a B000031892
|b Book
|c Malaysia
|e Business Information Centre
|
| 999 |
|
|
|a PNG001051B
|b Book
|c Malaysia
|e MATRADE Northern Regional Office
|
| 999 |
|
|
|a SBH001019B
|b Book
|c Malaysia
|e MATRADE Sabah
|
| 999 |
|
|
|a SRW000446B
|b Book
|c Malaysia
|e MATRADE Sarawak
|
| 999 |
|
|
|a TRG000328B
|b Book
|c Malaysia
|e MATRADE Eastern Regional Office
|